Math - Statistics

General Stats
  • This quiz has been taken 84 times
    81 since last reset
  • The average score is 5 of 7
Answer Stats
Hint Answer % Correct
5-5 0
98%
1+1 2
98%
3x3 9
96%
12/4 3
93%
431-36 395
56%
10x10 100
51%
362-54 308
36%
No matching quizzes found
Score Distribution
Percent of People with Each Score
Percentile by Number Answered
Your Score History
You have not taken this quiz since the last reset